• 首页
  • 本馆介绍
  • 公告通知
  • 最新文献
  • 馆藏检索
  • 电子资源
  • 读者导购
  • 参考咨询
  • 我的图书馆
  • 登录
  • 详细信息显示
  • 放入我的书架
  • 预约/预借图书
  • 作者相关作品
  • 分类相关作品
  • 丛书相关作品
  • 出版社相关作品

书目信息

  • 表格格式
  • 工作单格式
  • 卡片格式
题名:
西沙群岛珊瑚礁生物图册
    
 
作者: 黄晖 主编
分册:  
出版信息: 北京   科学出版社  2018.05
页数: 409页
开本: 25cm
丛书名:
单 册:
中图分类: Q178.53-64
科图分类:
主题词:
电子资源:
ISBN: 978-7-03-037218-5
000 01140nam0 2200229 450
001 5317
005 20181015132355.54
010    @a978-7-03-037218-5@b精装@dCNY368.00
100    @a20180612d2018 em y0chiy50 ea
101 0  @achi
102    @aCN@b110000
105    @aa z 001yy
200 1  @a西沙群岛珊瑚礁生物图册@9xi sha qun dao shan hu jiao sheng wu tu ce@dCoral reef atlas of Xisha Islands@f黄晖主编@zeng
210    @a北京@c科学出版社@d2018.05
215    @a409页@d25cm
330    @a本书是对西沙群岛及岛礁周边珊瑚礁生态系统的全面呈现,分为三个章节,第一章主要介绍了西沙群岛的地理位置和自然环境,包括整个西沙群岛的概况、气候环境和水文特征、地质地貌和各岛礁情况、岛屿动植物;第二章依据分类地位和生态位对西沙群岛珊瑚礁生物做了全面的展示,共记录了包括造礁石珊瑚、珊瑚礁鱼类及其他礁栖生物在内的692种生物;第三章主要讨论了目前西沙群岛珊瑚礁所面临的问题,以及如何更加有效地进行管理和保护。
510 1  @aCoral reef atlas of Xisha Islands@zeng
607    @a西沙群岛@x珊瑚礁@x海洋生物@j图集
690    @aQ178.53-64@v5
701  0 @a黄晖@9huang hui@c(女,@f1969.7-)@4主编
801  0 @aCN@b91MARC@c20180612
905    @aMuseLib@dQ178.53-64@e263
    
    西沙群岛珊瑚礁生物图册=Coral reef atlas of Xisha Islands/黄晖主编.-北京:科学出版社,2018.05
    409页;25cm
    
    
    ISBN 978-7-03-037218-5(精装):CNY368.00
    本书是对西沙群岛及岛礁周边珊瑚礁生态系统的全面呈现,分为三个章节,第一章主要介绍了西沙群岛的地理位置和自然环境,包括整个西沙群岛的概况、气候环境和水文特征、地质地貌和各岛礁情况、岛屿动植物;第二章依据分类地位和生态位对西沙群岛珊瑚礁生物做了全面的展示,共记录了包括造礁石珊瑚、珊瑚礁鱼类及其他礁栖生物在内的692种生物;第三章主要讨论了目前西沙群岛珊瑚礁所面临的问题,以及如何更加有效地进行管理和保护。
●
相关链接 在E读中查询图书 在五车中查询图书 在当当中查询图书 在豆瓣中查询图书


正题名:西沙群岛珊瑚礁生物图册     索取号:Q178.53-64/263         预约/预借

序号 登录号 条形码 馆藏地/架位号 状态 备注
1 1129139   211291396   第二样本阅览室/ [索取号:Q178.53-64/263] 在馆    
2 1129140   211291403   密集书库-生命科学系/ [索取号:Q178.53-64/263] 在馆    
3 1129141   211291412   第三借阅区/ [索取号:Q178.53-64/263] 在馆    
唐山师范学院图书馆 欢迎您!
大连网信软件有限公司© 版权所有